Four metaphysical poets : (Record no. 16)

MARC details
000 -LEADER
fixed length control field 01067cam a2200289 a 4500
001 - CONTROL NUMBER
control field 3786075
005 - DATE AND TIME OF LATEST TRANSACTION
control field 20200421093816.0
008 - FIXED-LENGTH DATA ELEMENTS--GENERAL INFORMATION
fixed length control field 840305s1985 enk b 001 0 eng
010 ## - LIBRARY OF CONGRESS CONTROL NUMBER
LC control number 84005800
020 ## - INTERNATIONAL STANDARD BOOK NUMBER
International Standard Book Number 0521277582
040 ## - CATALOGING SOURCE
Original cataloging agency DLC
Transcribing agency DLC
Modifying agency DLC
050 00 - LIBRARY OF CONGRESS CALL NUMBER
Classification number PR1205
Item number .F68 1985
082 00 - DEWEY DECIMAL CLASSIFICATION NUMBER
Classification number 821/.3/08
Edition information 19
245 00 - TITLE STATEMENT
Title Four metaphysical poets :
Remainder of title an anthology of poetry by Donne, Herbert, Marvell, and Vaughan /
Statement of responsibility, etc. edited with an introduction by Richard Willmott.
260 ## - PUBLICATION, DISTRIBUTION, ETC.
Place of publication, distribution, etc. Cambridge [Cambridgeshire] ;
-- New York :
Name of publisher, distributor, etc. Cambridge University Press,
Date of publication, distribution, etc. 1985.
300 ## - PHYSICAL DESCRIPTION
Extent vii, 184 p. ;
Dimensions 22 cm.
500 ## - GENERAL NOTE
General note Includes index.
504 ## - BIBLIOGRAPHY, ETC. NOTE
Bibliography, etc. note Bibliography: p. 24-26.
650 #0 - SUBJECT ADDED ENTRY--TOPICAL TERM
Topical term or geographic name entry element English poetry
Chronological subdivision Early modern, 1500-1700.
9 (RLIN) 565
650 #0 - SUBJECT ADDED ENTRY--TOPICAL TERM
Topical term or geographic name entry element Metaphysics
General subdivision Poetry.
9 (RLIN) 1513
700 1# - ADDED ENTRY--PERSONAL NAME
Personal name Donne, John,
Dates associated with a name 1572-1631.
9 (RLIN) 566
700 1# - ADDED ENTRY--PERSONAL NAME
Personal name Wilmott, Richard.
9 (RLIN) 567
740 0# - ADDED ENTRY--UNCONTROLLED RELATED/ANALYTICAL TITLE
Uncontrolled related/analytical title Metaphysical poets.
856 42 - ELECTRONIC LOCATION AND ACCESS
Materials specified Publisher description
Uniform Resource Identifier <a href="http://www.loc.gov/catdir/description/cam031/84005800.html">http://www.loc.gov/catdir/description/cam031/84005800.html</a>
906 ## - LOCAL DATA ELEMENT F, LDF (RLIN)
a 7
b cbc
c orignew
d 1
e ocip
f 19
g y-gencatlg
942 ## - ADDED ENTRY ELEMENTS (KOHA)
Source of classification or shelving scheme Dewey Decimal Classification
Koha item type Books
Holdings
Withdrawn status Lost status Damaged status Not for loan Collection Home library Current library Shelving location Date acquired Barcode Date last seen Price effective from Koha item type
        Reference Centerville Centerville General stacks 09/04/2014 39999000000719 09/04/2014 09/04/2014 Books
        Reference Fairview Fairview General stacks 09/04/2014 39999000000696 09/04/2014 09/04/2014 Books